I, Claudius /

An unabridged narration of the life of Claudius through the reigns of Augustus, Tiberius and Caligula, culminating with becoming Emperor of Rome in 41 A.D.

Bibliographic Details
Main Author: Graves, Robert, 1895-1985
Other Authors: Runger, Nelson
Format: Cassette Audio Book
Language:English
Published: Charlotte Hall, Md. : Recorded Books, ©1934.
Subjects:

MARC

Tag First Indicator Second Indicator Subfields
LEADER 00000cim a2200000 a 4500
001 in00000591663
005 20151014085139.0
007 ss lunjlc-----
008 870818c19871934mdunnn f eng d
019 |a 18201851 
028 0 2 |a 86990  |b Recorded Books 
035 |a (OCoLC)16507945 
035 |9 ACQ5212AM 
040 |a DZM  |c DZM  |d OCL  |d XNC  |d UtOrBLW 
049 |a TXAV [A10158331] 
090 |a PR6013.R35  |b I24 1987 
092 |a F  |b Gra 
100 1 |a Graves, Robert,  |d 1895-1985. 
245 1 0 |a I, Claudius /  |c by Robert Graves. 
264 1 |a Charlotte Hall, Md. :  |b Recorded Books,  |c ©1934. 
264 4 |c ©1934 
300 |a 12 sound cassettes (16 hr., 45 min.) :  |b analog, 1 7/8 ips. 
336 |a spoken word  |b spw  |2 rdacontent 
337 |a audio  |b s  |2 rdamedia 
338 |a audiocassette  |b ss  |2 rdacarrier 
500 |a Unabridged. 
511 0 |a Narrated by Nelson Runger. 
520 |a An unabridged narration of the life of Claudius through the reigns of Augustus, Tiberius and Caligula, culminating with becoming Emperor of Rome in 41 A.D. 
586 |a Hawthornden Prize, 1935. 
586 |a James Tait Black Memorial Prize, 1934. 
500 |a Sound recording. 
600 0 0 |a Claudius,  |c Emperor of Rome,  |d 10 B.C.-54 A.D.  |v Fiction  |x Audio adaptations. 
651 0 |a Rome  |x History  |y Julio-Claudians, 30 B.C.-68 A.D.  |v Fiction. 
651 0 |a Rome  |x Kings and rulers  |v Fiction. 
700 1 |a Runger, Nelson. 
999 |a MARS 
999 f f |s 0d950947-a3b7-32bb-a014-fb9ec17f9b3d  |i 8e8d30eb-3823-3c76-9d32-f5fba2e446ae  |t 0 
952 f f |p ric  |a Texas A&M University  |b Rellis Campus  |c Joint Library Facility  |d Remote Storage  |t 0  |e PR6013.R35 I24 1987  |h Library of Congress classification  |i audio -- audiocassette  |m A14827319045 
998 f f |a PR6013.R35 I24 1987  |t 0  |l Remote Storage